Principles of Corporate Finance (Record no. 12424)
[ view plain ]
| 000 -LEADER | |
|---|---|
| fixed length control field | 00197nam a22000977a 4500 |
| 082 ## - DEWEY DECIMAL CLASSIFICATION NUMBER | |
| Classification number | 658.15 |
| 100 ## - MAIN ENTRY--AUTHOR NAME | |
| Personal name | Brealey, Myers |
| 245 ## - TITLE STATEMENT | |
| Title | Principles of Corporate Finance |
| 250 ## - EDITION STATEMENT | |
| Edition statement | 4th |
| 942 ## - ADDED ENTRY ELEMENTS (KOHA) | |
| Koha item type | Books |
| Withdrawn status | Lost status | Collection code | Permanent Location | Current Location | Shelving location | Date acquired | Full call number | Accession Number | Koha item type |
|---|---|---|---|---|---|---|---|---|---|
| | | Finance | MAJU | MAJU | Shelf No.B44 | 2020-06-11 | 658.15 | 3844 | Finance |